000 00511 a2200181 4500
003 OSt
005 20231211105002.0
008 231211b |||||||| |||| 00| 0 eng d
020 _a9788126419678
040 _coclc
082 _a954.83
_bBAL/J
100 _aBalakrishnan, P K
_91791
245 _aJATHIVYAVASTHITHIYUM KERALACHARITHRAVUM /
_cP K Balakrishnan
250 _a14th ed.
260 _bD C books,
_c2023.
300 _a406p
942 _2ddc
_cBK
_h954.83
_iBAL/J
_k954.83
_mBAL/J
999 _c44168
_d44168